Sustainable indicators in your pocket 2004 (Record no. 103609)

MARC details
000 -LEADER
fixed length control field 01371cam a2200229 4500
001 - CONTROL NUMBER
control field J126353
008 - FIXED-LENGTH DATA ELEMENTS--GENERAL INFORMATION
fixed length control field 040601n2004 000 0 eng u
035 ## - SYSTEM CONTROL NUMBER
System control number (Sirsi) u126353
041 ## - LANGUAGE CODE
Language code of text/sound track or separate title eng
050 ## - LIBRARY OF CONGRESS CALL NUMBER
Classification number 333.72
-- 18
110 ## - MAIN ENTRY--CORPORATE NAME
Corporate name or jurisdiction name as entry element DEFRA
245 ## - TITLE STATEMENT
Title Sustainable indicators in your pocket 2004
Remainder of title a selection of the UK government's indicators of sustainable development
Medium [electronic resource]
260 ## - PUBLICATION, DISTRIBUTION, ETC.
Place of publication, distribution, etc. London
Name of publisher, distributor, etc. DEFRA
Date of publication, distribution, etc. 2004
520 ## - SUMMARY, ETC.
Summary, etc. Contains around 50 sustainable development indicators covering the following issues: economic stability and competitiveness; resource use and waste; employment and education; poverty, health and housing; crime and social cohesion; travel and access; climate change and energy; air, water and radioactive waste; and landscape and wildlife. Each indicator has traffic light assessments to show whether recent progress has been in the right direction. View at www.sustainable-development.gov.uk.
650 ## - SUBJECT ADDED ENTRY--TOPICAL TERM
Topical term or geographic name entry element PERFORMANCE INDICATORS
650 ## - SUBJECT ADDED ENTRY--TOPICAL TERM
Topical term or geographic name entry element SUSTAINABLE DEVELOPMENT INDICATORS
650 ## - SUBJECT ADDED ENTRY--TOPICAL TERM
Topical term or geographic name entry element SUSTAINABLE DEVELOPMENT
690 ## - LOCAL SUBJECT ADDED ENTRY--TOPICAL TERM (OCLC, RLIN)
Topical term or geographic name as entry element DEVELOPMENT-SUSTAINABLE
710 ## - ADDED ENTRY--CORPORATE NAME
Corporate name or jurisdiction name as entry element United Kingdom
Subordinate unit Office of National Statistics
9 (RLIN) 2035
856 ## - ELECTRONIC LOCATION AND ACCESS
Uniform Resource Identifier <a href="https://collections.europarchive.org/tna/20080530153425/http://www.sustainable-development.gov.uk/progress/documents/sdiyp04a4.pdf">https://collections.europarchive.org/tna/20080530153425/http://www.sustainable-development.gov.uk/progress/documents/sdiyp04a4.pdf</a>
Public note View the indicators free of charge
942 ## - ADDED ENTRY ELEMENTS (KOHA)
Suppress in OPAC 0
Holdings
Withdrawn status Lost status Source of classification or shelving scheme Damaged status Not for loan Home library Current library Shelving location Date acquired Total Checkouts Full call number Barcode Date last seen Copy number Price effective from Koha item type
    Dewey Decimal Classification     Virtual Virtual Online 01/06/2004   ONLINE PUBLICATION 126353-2001 06/08/2019 1 06/08/2019 Book